| 000 | 01330nam a2200349 a 4500 | ||
|---|---|---|---|
| 001 | ebr10076778 | ||
| 003 | CaPaEBR | ||
| 006 | m u | ||
| 007 | cr cn||||||||| | ||
| 008 | 040428s2004 enk sb 001 0 eng d | ||
| 010 | _z 2004299343 | ||
| 015 | _aGBA3-V2411 | ||
| 020 | _z0761972102 | ||
| 020 | _z0761972110 (pbk.) | ||
| 040 |
_aCaPaEBR _cCaPaEBR |
||
| 035 | _a(OCoLC)70773931 | ||
| 050 | 1 | 4 |
_aHF1418.5 _b.C337 2004eb |
| 082 | 0 | 4 |
_a337 _221 |
| 100 | 1 |
_aCameron, Angus, _d1965- |
|
| 245 | 1 | 4 |
_aThe imagined economies of globalization _h[electronic resource] / _cAngus Cameron, Ronan P. Palan. |
| 260 |
_aLondon ; _aThousand Oaks, CA. : _bSAGE, _c2004. |
||
| 300 | _a186 p. | ||
| 504 | _aIncludes bibliographical references (p. [172]-183) and index. | ||
| 533 |
_aElectronic reproduction. _bPalo Alto, Calif. : _cebrary, _d2013. _nAvailable via World Wide Web. _nAccess may be limited to ebrary affiliated libraries. |
||
| 650 | 0 | _aInternational economic integration. | |
| 650 | 0 |
_aGlobalization _xEconomic aspects. |
|
| 650 | 0 | _aInternational economic relations. | |
| 655 | 7 |
_aElectronic books. _2local |
|
| 700 | 1 |
_aPalan, Ronen, _d1957- |
|
| 710 | 2 | _aebrary, Inc. | |
| 856 | 4 | 0 |
_uhttp://site.ebrary.com/lib/rucke/Doc?id=10076778 _zAn electronic book accessible through the World Wide Web; click to view |
| 999 |
_c53525 _d53525 |
||